Дело об отпуске экипажей для высочайших августейших иностранных особ в случаях приездов к великокняжеским дворам

Доступно только в Электронных читальных залах Найти на картеНа карте
RUSMARC
00003535nmc2a22002413x 450
001fcc01288-fd62-4dd2-80b7-82d973ce69ee
00520241119202827.0
100##$a20240524l19021902k l0rusy0189 ca
1010#$arus
102##$aRU
105##$ay###
1222#$ad
2001#$aДело об отпуске экипажей для высочайших августейших иностранных особ в случаях приездов к великокняжеским дворам
$j31 мая - 3 июля 1902 г.
215##$a10 л.
$d36,5х26 см
251##$cДело
300##$aДело
371##$aДокумент не является опубликованным и широко распространяемым
461#0$1001RusGRCC00079474
$12001
$aКанцелярия Министерства Императорского двора
$1251
$cФонд
$1852
$j472
462#0$10012e101c38-6a4d-430a-82d1-4e0fc663abca
$12001
$aКанцелярия Министерства Императорского двора
$1251
$cОпись
$1852
$j44
$l428-2201
801#0$aRU
$bРГИА
$c20240524
$gRCR
801#1$aRU
$bГлавНИВЦ
$c20240524
$2rusmarc
801#2$aRU
$bПБ им. Б.Н. Ельцина
$c20241119
$gRCR
$2rusmarc
850##$aРГИА
852##$aРГИА
$eФедеральное казенное учреждение "Российский государственный исторический архив" (РГИА)
$j231
937##$hРГИА
$d12416769
$aASBIBLIO_SCAN
035##$aRusGRCC00079374
856##$uhttp://readingroom.main.prlib.ru/item.aspx?id_node=n194937508&mode=full
Формат отображения